Cuando una guerra y sus consecuencias alteran las relaciones familiares: El caso de los harkis (notice n° 1664149)
[ vue normale ]
| 000 -LEADER | |
|---|---|
| fixed length control field | 01407cam a2200157 4500500 |
| 005 - DATE AND TIME OF LATEST TRANSACTION | |
| control field | 20260222001037.0 |
| 041 ## - LANGUAGE CODE | |
| Language code of text/sound track or separate title | fre |
| 042 ## - AUTHENTICATION CODE | |
| Authentication code | dc |
| 100 10 - MAIN ENTRY--PERSONAL NAME | |
| Personal name | Bennabi-Bensekhar, Malika |
| Relator term | author |
| 245 00 - TITLE STATEMENT | |
| Title | Cuando una guerra y sus consecuencias alteran las relaciones familiares: El caso de los harkis |
| 260 ## - PUBLICATION, DISTRIBUTION, ETC. | |
| Date of publication, distribution, etc. | 2025.<br/> |
| 500 ## - GENERAL NOTE | |
| General note | 15 |
| 520 ## - SUMMARY, ETC. | |
| Summary, etc. | Este artículo adopta una perspectiva clínica e histórica para ofrecer una visión de la guerra de Argelia (1954-1962) tal y como se vivió «desde la perspectiva de un niño». También reconstruye la trayectoria de una familia atrapada en el destino de los harkis, desde su comunidad rural hasta su exilio en Francia en diferentes lugares de relegación. El relato pone de relieve las amnesias y los traumas que se transmiten de generación en generación, al tiempo que revela la persistencia de los resentimientos inherentes a las heridas generadas por la Historia. De este modo, ilustra uno de los aspectos de las dificultades para conciliar los recuerdos debido a una guerra que ha difractado los lazos familiares desde el contexto colonial y, más allá, en el exilio, al tiempo que ha modificado el juego de los lazos en las dimensiones horizontales y transgeneracionales. |
| 786 0# - DATA SOURCE ENTRY | |
| Note | Dialogue | 250 | 4 | 2025-12-15 | p. 53-70 | 0242-8962 |
| 856 41 - ELECTRONIC LOCATION AND ACCESS | |
| Uniform Resource Identifier | <a href="https://shs.cairn.info/revista-dialogue-2025-4-page-53?lang=es&redirect-ssocas=7080">https://shs.cairn.info/revista-dialogue-2025-4-page-53?lang=es&redirect-ssocas=7080</a> |
Pas d'exemplaire disponible.




Réseaux sociaux